Lataa...

Art of HRH; staff development handbook V.6

Bibliografiset tiedot
Päätekijä: Sheal, P
Aineistotyyppi: Printed Book
Kieli:Undetermined
English
Julkaistu: Newdelhi Crest publishing 1999
Aiheet:
LEADER 00584nam a2200181Ia 4500
008 140306s9999 xx 000 0 und d
041 |a eng 
082 |a 658  |b SHE/AR 
100 |a Sheal, P 
245 |a Art of HRH; staff development handbook V.6 
260 |a Newdelhi  |b Crest publishing  |c 1999 
300 |a 231 
365 |b Rs.77 
650 |a Human resource development 
650 |a Management 
942 |2 ddc  |c BK 
999 |c 114695  |d 114695 
952 |0 0  |1 0  |2 ddc  |4 0  |6 658_000000000000000_SHEAR  |7 0  |9 112890  |a KAUHCV  |b KAUHCV  |d 2004-04-21  |g 77.00  |o 658 SHE/AR  |p KAU_HCV-24668  |r 2014-03-22  |w 2014-03-22  |y BK